Historia del arte y metodología

Saved in:
Bibliografiske detaljer
Hovedforfatter: Pächt, Otto (autor)
Format: Bog
Sprog:spansk
Udgivet: Madrid Alianza 1986
Serier:Alianza Forma, 60
Fag:
Tags: Tilføj Tag
Ingen Tags, Vær først til at tagge denne postø!

MARC

LEADER 00000nam a2200000 a 4500
001 UCV8194
003 CL-VaPUC
008 901018e19860000SP |||||||||||||||||spa|d
082 0 4 |a 702.8  |b PAC  |2 21 
100 |a Pächt, Otto  |e autor  |9 302265 
245 1 0 |a Historia del arte y metodología 
300 |a 127 p 
942 |c BK 
945 |d 19901018 00:00:00 
260 |a Madrid  |b Alianza  |c 1986 
650 0 |a Creación artística   |9 266215 
650 0 |a Historiografía   |9 257871 
650 0 |a Arte  |9 265238 
583 |a last modification  |c 19901018 00:00:00  |k Rodrigo Vera 
490 0 |a Alianza Forma, 60 
999 |c 213744  |d 213742 
952 |0 0  |1 0  |4 0  |6 702_800000000000000_PAC_1986  |7 0  |8 A  |9 196422  |a BIBARQ  |b BIBARQ  |d 2019-11-14  |i 2643162  |o 702.8 PAC 1986  |p 2643162  |r 2025-01-20  |w 2019-11-14  |y BK  |k ARQ 
952 |0 0  |1 0  |4 0  |6 702_800000000000000_PAC_1986  |7 0  |8 A  |9 196423  |a BIBHIS  |b BIBHIS  |d 2019-11-14  |i 4730895  |o 702.8 PAC 1986  |p 4730895  |r 2025-01-20  |w 2019-11-14  |y BK  |k HIS